| 000 | 00838nam a22002297a 4500 | ||
|---|---|---|---|
| 003 | OSt | ||
| 005 | 20170420121524.0 | ||
| 008 | 170420s2015 xxk ob 000 0 eng d | ||
| 020 | _a9781784534165 | ||
| 040 |
_aEs-BaCBU _bcat _cCDMR |
||
| 100 | 1 | _aKüng, Lucy | |
| 245 | 1 | 0 |
_aInnovators in digital news / _cLucy Küng |
| 264 | 1 |
_aLondon ; _aNew York : _bI.B. Tauris & Co. Ltd in association with the Reuters Institute for the Study of Journalism, University of Oxford, _c2015 |
|
| 300 |
_axi, 125 p. ; _c22 cm |
||
| 504 | _aReferències bibliogràfiques | ||
| 650 | 0 | 0 |
_aPeriodisme _92272 _xInnovacions tecnològiques |
| 650 | 0 | 0 |
_aMitjans de comunicació digitals _93079 |
| 650 | 0 | 4 |
_aPremsa digital _93188 |
| 710 | 2 |
_aUniversity of Oxford. _bReuters Institute for the Study of Journalism |
|
| 710 | 2 | _aUniversity of Oxford | |
| 942 | _cMON | ||
| 999 |
_c7020 _d7020 |
||